Nottingham Forest most expensive signings - Statistics

General Stats
  • This quiz has been taken 88 times
    37 since last reset
  • The average score is 8 of 10
Answer Stats
Signed from Season Fee (€) Player % Correct
Newcastle United 24/25 41.2 million Elliot Anderson
97%
Manchester United 23/24 22.93 million Anthony Elanga
91%
Ipswich Town 25/26 43.4 million Omari Hutchinson
88%
Bologna 25/26 42 million Dan Ndoye
82%
Manchester City 25/26 25.5 million James McAtee
82%
PSV Eindhoven 23/24 35 million Ibrahim Sangaré
79%
Wolverhampton Wanderers 22/23 29.5 million Morgan Gibbs-White
79%
Stade Rennais 25/26 30 million Arnaud Kalimuendo
76%
Union Berlin 22/23 20.5 million Taiwo Awoniyi
70%
Strasbourg 25/26 35 million Dilane Bakwa
58%
No matching quizzes found
Score Distribution
Percent of People with Each Score
Percentile by Number Answered
Your Score History
You have not taken this quiz since the last reset